<?xml version="1.0" encoding="UTF-8"?>
<record
    xmlns:xsi="http://www.w3.org/2001/XMLSchema-instance"
    xsi:schemaLocation="http://www.loc.gov/MARC21/slim http://www.loc.gov/standards/marcxml/schema/MARC21slim.xsd"
    xmlns="http://www.loc.gov/MARC21/slim">

  <leader>00900nam a2200229 a 4500</leader>
  <controlfield tag="001">52677</controlfield>
  <controlfield tag="003">BD-RjUL</controlfield>
  <controlfield tag="005">20211209075837.0</controlfield>
  <controlfield tag="008">160925s1978    ii a|||| b||| 001 0 ben d</controlfield>
  <datafield tag="035" ind1=" " ind2=" ">
    <subfield code="a">(BD-RjUL)52797</subfield>
  </datafield>
  <datafield tag="040" ind1=" " ind2=" ">
    <subfield code="a">BD-RjUL</subfield>
    <subfield code="b">ben</subfield>
    <subfield code="c">BD-RjUL</subfield>
  </datafield>
  <datafield tag="041" ind1=" " ind2=" ">
    <subfield code="a">ben</subfield>
  </datafield>
  <datafield tag="082" ind1=" " ind2=" ">
    <subfield code="a">571.6</subfield>
    <subfield code="b">GUS 1978</subfield>
    <subfield code="2">23</subfield>
  </datafield>
  <datafield tag="100" ind1=" " ind2=" ">
    <subfield code="a">&#x997;&#x9C1;&#x9B9;, &#x9B8;&#x9C1;&#x9B9;&#x9BF;&#x9A4;&#x9BE;</subfield>
    <subfield code="9">157546</subfield>
  </datafield>
  <datafield tag="245" ind1="1" ind2="0">
    <subfield code="a">&#x9B8;&#x9BE;&#x987;&#x99F;&#x9CB;&#x9B2;&#x99C;&#x9BF; /</subfield>
    <subfield code="c">&#x9B8;&#x9C1;&#x9B9;&#x9BF;&#x9A4;&#x9BE; &#x997;&#x9C1;&#x9B9;</subfield>
  </datafield>
  <datafield tag="260" ind1=" " ind2=" ">
    <subfield code="a">&#x995;&#x9B2;&#x9BF;&#x995;&#x9BE;&#x9A4;&#x9BE; :</subfield>
    <subfield code="b">&#x9AA;&#x9B6;&#x9CD;&#x99A;&#x9BF;&#x9AE;&#x9AC;&#x999;&#x9CD;&#x997; &#x9B0;&#x9BE;&#x99C;&#x9CD;&#x9AF; &#x9AA;&#x9C1;&#x9B8;&#x9CD;&#x9A4;&#x995; &#x9AA;&#x9B0;&#x9CD;&#x9B7;&#x9A6;,</subfield>
    <subfield code="c">&#x9E7;&#x9EF;&#x9ED;&#x9EE;</subfield>
  </datafield>
  <datafield tag="300" ind1=" " ind2=" ">
    <subfield code="a">[&#x9E7;&#x9E8;], &#x9E9;&#x9ED;&#x9E8; &#x9AA;&#x9C3;. :</subfield>
    <subfield code="b">&#x99A;&#x9BF;&#x9A4;&#x9CD;&#x9B0; ;</subfield>
    <subfield code="c">&#x9E7;&#x9EF; &#x9B8;&#x9C7;&#x9AE;&#x9BF;.</subfield>
  </datafield>
  <datafield tag="504" ind1=" " ind2=" ">
    <subfield code="a">&#x997;&#x9CD;&#x9B0;&#x9A8;&#x9CD;&#x9A5;&#x9AA;&#x99E;&#x9CD;&#x99C;&#x9BF; &#x993; &#x9A8;&#x9BF;&#x9B0;&#x9CD;&#x998;&#x9A3;&#x9CD;&#x99F; &#x9B8;&#x982;&#x9AF;&#x9C1;&#x995;&#x9CD;&#x9A4;</subfield>
  </datafield>
  <datafield tag="650" ind1=" " ind2=" ">
    <subfield code="a">&#x99C;&#x9C0;&#x9AC;&#x995;&#x9CB;&#x9B7;-&#x9B8;&#x982;&#x995;&#x9CD;&#x9B0;&#x9BE;&#x9A8;&#x9CD;&#x9A4; &#x9AC;&#x9BF;&#x9A6;&#x9CD;&#x9AF;&#x9BE;</subfield>
    <subfield code="9">157547</subfield>
  </datafield>
  <datafield tag="650" ind1=" " ind2=" ">
    <subfield code="a">Cytology</subfield>
    <subfield code="9">116684</subfield>
  </datafield>
  <datafield tag="942" ind1=" " ind2=" ">
    <subfield code="2">ddc</subfield>
    <subfield code="c">BK</subfield>
  </datafield>
  <datafield tag="999" ind1=" " ind2=" ">
    <subfield code="c">52677</subfield>
    <subfield code="d">52677</subfield>
  </datafield>
  <datafield tag="952" ind1=" " ind2=" ">
    <subfield code="0">0</subfield>
    <subfield code="1">0</subfield>
    <subfield code="2">ddc</subfield>
    <subfield code="4">0</subfield>
    <subfield code="7">0</subfield>
    <subfield code="8">NFIC</subfield>
    <subfield code="a">RUCL</subfield>
    <subfield code="b">RUCL</subfield>
    <subfield code="c">Stack</subfield>
    <subfield code="d">1983-07-24</subfield>
    <subfield code="e">Aligor library, Rajshahi</subfield>
    <subfield code="g">54.00</subfield>
    <subfield code="l">1</subfield>
    <subfield code="o">B 571.6 GUS 1978</subfield>
    <subfield code="r">2018-02-26 00:00:00</subfield>
    <subfield code="s">2018-02-11</subfield>
    <subfield code="t">C-2</subfield>
    <subfield code="w">2021-12-09</subfield>
    <subfield code="y">BK</subfield>
  </datafield>
  <datafield tag="952" ind1=" " ind2=" ">
    <subfield code="0">0</subfield>
    <subfield code="1">0</subfield>
    <subfield code="2">ddc</subfield>
    <subfield code="4">0</subfield>
    <subfield code="7">0</subfield>
    <subfield code="8">NFIC</subfield>
    <subfield code="a">RUCL</subfield>
    <subfield code="b">RUCL</subfield>
    <subfield code="c">Stack</subfield>
    <subfield code="d">1983-07-24</subfield>
    <subfield code="e">Aligash library, Rajshahi</subfield>
    <subfield code="g">54.00</subfield>
    <subfield code="l">1</subfield>
    <subfield code="o">B 571.6 GUS 1978</subfield>
    <subfield code="r">2018-02-11 00:00:00</subfield>
    <subfield code="s">2018-02-01</subfield>
    <subfield code="t">C-3</subfield>
    <subfield code="w">2021-12-09</subfield>
    <subfield code="y">BK</subfield>
  </datafield>
  <datafield tag="952" ind1=" " ind2=" ">
    <subfield code="0">0</subfield>
    <subfield code="1">0</subfield>
    <subfield code="2">ddc</subfield>
    <subfield code="4">0</subfield>
    <subfield code="7">0</subfield>
    <subfield code="8">NFIC</subfield>
    <subfield code="a">RUCL</subfield>
    <subfield code="b">RUCL</subfield>
    <subfield code="c">Stack</subfield>
    <subfield code="d">1983-07-24</subfield>
    <subfield code="e">Alighor library, Rajshahi.</subfield>
    <subfield code="g">54.00</subfield>
    <subfield code="l">0</subfield>
    <subfield code="o">B 571.6 GUS 1978</subfield>
    <subfield code="r">2016-11-21 00:00:00</subfield>
    <subfield code="t">C-4</subfield>
    <subfield code="w">2016-11-21</subfield>
    <subfield code="y">BK</subfield>
  </datafield>
  <datafield tag="952" ind1=" " ind2=" ">
    <subfield code="0">0</subfield>
    <subfield code="1">0</subfield>
    <subfield code="2">ddc</subfield>
    <subfield code="4">0</subfield>
    <subfield code="7">1</subfield>
    <subfield code="8">NFIC</subfield>
    <subfield code="a">RUCL</subfield>
    <subfield code="b">RUCL</subfield>
    <subfield code="c">Reading</subfield>
    <subfield code="d">2021-12-09</subfield>
    <subfield code="e">UttorBongo Library, Rajshahi</subfield>
    <subfield code="g">18.00</subfield>
    <subfield code="l">0</subfield>
    <subfield code="o">B 571.6 GUS 1978</subfield>
    <subfield code="r">2017-04-29 00:00:00</subfield>
    <subfield code="t">C-1</subfield>
    <subfield code="w">2017-04-29</subfield>
    <subfield code="y">BK</subfield>
  </datafield>
</record>
